America at the brink. (Record no. 18191)

000 -LEADER
fixed length control field 00422nam a22001337a 4500
008 - FIXED-LENGTH DATA ELEMENTS--GENERAL INFORMATION
fixed length control field 120330t xxu||||| |||| 00| 0 eng d
050 ## - LIBRARY OF CONGRESS CALL NUMBER
Classification number BX 8765.5
Item number .Z6 B48 A4
100 ## - MAIN ENTRY--PERSONAL NAME
Personal name Betzer, Dan.
9 (RLIN) 1165
245 ## - TITLE STATEMENT
Title America at the brink.
260 ## - PUBLICATION, DISTRIBUTION, ETC. (IMPRINT)
Place of publication, distribution, etc Springfield, Mo.
Name of publisher, distributor, etc The General Council of the Assemblies of God
-- Revivaltime Media Ministries
Date of publication, distribution, etc 1992.
300 ## - PHYSICAL DESCRIPTION
Extent 28 pgs.
Dimensions 19 cm.
650 ## - SUBJECT ADDED ENTRY--TOPICAL TERM
Topical term or geographic name as entry element Sermons.
9 (RLIN) 2278
942 ## - ADDED ENTRY ELEMENTS (KOHA)
Source of classification or shelving scheme
Item type Books
Copies
Date acquired Permanent location Copy number Current location Not for loan Barcode Full call number Koha item type Shelving location Damaged status Price effective from Source of classification or shelving scheme Lost status Withdrawn status Date last seen
2012-03-30RHEMA Bible Training College1RHEMA Bible Training College 22526BX 8765.5 .Z6 B48 A4BooksGeneral Stacks 2012-03-30   2012-03-30